Metasploit : (Record no. 189297)

000 -LEADER
fixed length control field 01916 a2200325 4500
003 - CONTROL NUMBER IDENTIFIER
control field Nust
005 - DATE AND TIME OF LATEST TRANSACTION
control field 20221018180043.0
010 ## - LIBRARY OF CONGRESS CONTROL NUMBER
LC control number 2011020166
020 ## - INTERNATIONAL STANDARD BOOK NUMBER
International Standard Book Number 159327288X
020 ## - INTERNATIONAL STANDARD BOOK NUMBER
International Standard Book Number 9781593272883
040 ## - CATALOGING SOURCE
Transcribing agency Nust
082 00 - DEWEY DECIMAL CLASSIFICATION NUMBER
Classification number 005.8,KEN
100 ## - MAIN ENTRY--PERSONAL NAME
Personal name Kennedy, David
9 (RLIN) 100699
245 00 - TITLE STATEMENT
Title Metasploit :
Remainder of title the penetration tester's guide /
Statement of responsibility, etc. David Kennedy ... [et al.].
260 ## - PUBLICATION, DISTRIBUTION, ETC.
Place of publication, distribution, etc. San Francisco :
Name of publisher, distributor, etc. No Starch Press,
Date of publication, distribution, etc. c2011.
300 ## - PHYSICAL DESCRIPTION
Extent xxiv, 299 p. :
Other physical details ill. ;
Dimensions 24 cm.
505 ## - FORMATTED CONTENTS NOTE
Formatted contents note The absolute basic of penetration testing (Page-1), Metasploit basics (Page-7), Intelligence Gathering (Page-15),Vulnerability Scanning (Page-35),The Joy of Exploitation (Page-57), Meterpreter (Page-75), Avoiding Detection (Page-99), Exploitation Using Client-side Attacks (Page-109), Metasploit Auxiliary Modules (Page-123), The social-Engineer Toolkit (Page-135), Fast-Track (Page-163), Karmetasploit (Page-177), Building Your Own Module (Page-185), Creating your Own Exploits (Page-197), Porting Exploits to the Metasploit Framework (Page-215), Meterpreter Scipting (Page-235), Simulated Penetration test(Page-251).
650 #0 - SUBJECT ADDED ENTRY--TOPICAL TERM
Topical term or geographic name entry element Computer networks
General subdivision Security measures
-- Testing.
9 (RLIN) 100700
650 #0 - SUBJECT ADDED ENTRY--TOPICAL TERM
Topical term or geographic name entry element COMPUTERS / Internet / General
9 (RLIN) 100701
650 #0 - SUBJECT ADDED ENTRY--TOPICAL TERM
Topical term or geographic name entry element COMPUTERS / Internet / Security
9 (RLIN) 94395
650 #0 - SUBJECT ADDED ENTRY--TOPICAL TERM
Topical term or geographic name entry element COMPUTERS / Security / General
9 (RLIN) 6087
650 #0 - SUBJECT ADDED ENTRY--TOPICAL TERM
Topical term or geographic name entry element COMPUTERS / Security / Viruses
9 (RLIN) 100702
650 #0 - SUBJECT ADDED ENTRY--TOPICAL TERM
Topical term or geographic name entry element Computers
General subdivision Access control.
9 (RLIN) 6085
650 #0 - SUBJECT ADDED ENTRY--TOPICAL TERM
Topical term or geographic name entry element Penetration testing (Computer security)
9 (RLIN) 94117
700 1# - ADDED ENTRY--PERSONAL NAME
Personal name Kennedy, David,
Dates associated with a name 1982-
9 (RLIN) 100703
856 42 - ELECTRONIC LOCATION AND ACCESS
Materials specified Contributor biographical information
Uniform Resource Identifier <a href="http://www.loc.gov/catdir/enhancements/fy1201/2011020166-b.html">http://www.loc.gov/catdir/enhancements/fy1201/2011020166-b.html</a>
856 42 - ELECTRONIC LOCATION AND ACCESS
Materials specified Publisher description
Uniform Resource Identifier <a href="http://www.loc.gov/catdir/enhancements/fy1201/2011020166-d.html">http://www.loc.gov/catdir/enhancements/fy1201/2011020166-d.html</a>
856 42 - ELECTRONIC LOCATION AND ACCESS
Materials specified Table of contents only
Uniform Resource Identifier <a href="http://www.loc.gov/catdir/enhancements/fy1201/2011020166-t.html">http://www.loc.gov/catdir/enhancements/fy1201/2011020166-t.html</a>
942 ## - ADDED ENTRY ELEMENTS (KOHA)
Source of classification or shelving scheme
Koha item type Book
Call number prefix 005.8,KEN
Holdings
Withdrawn status Lost status Source of classification or shelving scheme Damaged status Not for loan Permanent Location Current Location Shelving location Date acquired Total Checkouts Full call number Barcode Date last seen Date last checked out Price effective from Koha item type Public note
          Military College of Signals (MCS) Military College of Signals (MCS) General Stacks 12/12/2016 1 005.8,KEN MCS35074 03/25/2025 03/11/2025 12/12/2016 Book Almirah No.9, Shelf No.1
© 2023 Central Library, National University of Sciences and Technology. All Rights Reserved.